00566nam a2200145Ia 4500003000900000008004100009020002600050040001600076100003200092245010800124260003200232300002000264490003300284856010300317IN-BaIIA211028s9999 xx s 000 0 eng d a9780819482365 (Print) cIIA Library aMüllerová, Jarmila, ed. 0a17th Slovak-Czech-Polish Optical Conference on Wave and Quantum Aspects of Contemporary Opticsh[eBook] aWashington, USAbSPIEc2010 aOnline resource aProceedings of SPIE; V. 7746 uhttps://www.spiedigitallibrary.org/conference-proceedings-of-spie/7746yClick Here to Access eBook